00344nam a22001097a 4500003000400000245005800004260002900062300000800091942001200099952010600111999001700217SGT aOral Surgery Oral Medicine Oral Pathology Oral Padio. bElsevier Publisherc2021 a753 2ddccBV 00102ddc405171aFDbFDd2025-03-21hVol.132iSGTUl0pPD1318r2025-03-21 00:00:00w2025-03-21yBV c30376d30376